|
|
|
|
| LEADER |
00000nam0a2200000 4500 |
| 001 |
220659 |
| 005 |
20231101230343.0 |
| 010 |
|
|
|a 9785904673062
|
| 035 |
|
|
|a (RuTPU)RU\TPU\book\240790
|
| 090 |
|
|
|a 220659
|
| 100 |
|
|
|a 20120829d2010 k y0rusy50 ca
|
| 101 |
0 |
|
|a rus
|
| 102 |
|
|
|a RU
|
| 105 |
|
|
|a a z 000zb
|
| 200 |
1 |
|
|a Психика и интуиция
|e неопубликованные материалы, стихи, рисунки и фотографии
|f Я. А. Пономарев
|g ред.-сост. А. Л. Журавлев, Т. В. Галкина
|
| 210 |
|
|
|a Москва
|c АРИС
|d 2010
|
| 215 |
|
|
|a 291 с.
|c ил.
|
| 330 |
|
|
|a Книга посвящена 90-летию со дня рождения выдающегося психолога, методолога, теоретика и экспериментатора Я.А. Пономарева. В ней представлены материалы разных периодов его творчества. Книга содержит научные труды ученого: переиздание книги "Психика и интуиция" (1967) с правками редакторов-составителей данного издания, авторские варианты первых статей, относящихся к раннему периоду научного творчества, и материалы для интервью Пономарева. Впервые публикуются последние научные записки из рукописного дневника ученого, его письмо И.В. Сталину, а также стихи, рисунки и фотографии из семейного архива, предоставленные А. А. Пономаревой. Вместо введения представлена статья редакторов-составителей, освещающая основные вехи жизненного пути и научного творчества Якова Александровича Пономарева.
|
| 600 |
|
1 |
|a Пономарев
|b Я. А.
|c российский психолог
|f 1920-
|g Яков Александрович
|2 stltpush
|3 (RuTPU)RU\TPU\pers\17401
|9 6440
|
| 606 |
1 |
|
|a Психические процессы
|2 stltpush
|3 (RuTPU)RU\TPU\subj\53112
|9 71462
|
| 610 |
1 |
|
|a психология
|
| 610 |
1 |
|
|a психика
|
| 610 |
1 |
|
|a интуиция
|
| 610 |
1 |
|
|a чувственное познание
|
| 610 |
1 |
|
|a логическое познание
|
| 610 |
1 |
|
|a мышление
|
| 610 |
1 |
|
|a познавательные процессы
|
| 610 |
1 |
|
|a мозг
|
| 610 |
1 |
|
|a интеллектуальные способности
|
| 610 |
1 |
|
|a человек
|
| 610 |
1 |
|
|a психологические исследования
|
| 610 |
1 |
|
|a стихи
|
| 686 |
|
|
|a Ю935
|v LBC/SL-A
|2 rubbk
|
| 700 |
|
1 |
|a Пономарев
|b Я. А.
|g Яков Александрович
|
| 702 |
|
1 |
|a Журавлев
|b А. Л.
|4 340
|4 220
|
| 702 |
|
1 |
|a Галкина
|b Т. В.
|4 340
|4 220
|
| 801 |
|
1 |
|a RU
|b 63413507
|c 20120829
|
| 801 |
|
2 |
|a RU
|b 63413507
|c 20150617
|g RCR
|
| 942 |
|
|
|c BK
|